| 000 | 00923nam a22003377a 4500 | ||
|---|---|---|---|
| 005 | 20230824142101.0 | ||
| 008 | 161025s2018 xxu||||| |||| 00| 0 spa d | ||
| 020 | _a9977670749 | ||
| 041 | _aESP | ||
| 082 | _a468.2 M959c2 | ||
| 100 |
_aMüller Delgado, Marta Virginia _929082 |
||
| 245 | _aComunicación eficaz: redacción comercial y administrativa | ||
| 250 | _a2 edición | ||
| 260 | _aCosta Rica | ||
| 260 | _bGrafika | ||
| 260 | _c2018 | ||
| 300 | _a215 páginas | ||
| 650 | _aCOMUNICACIÓN ESCRITA | ||
| 650 | _aCOMUNICACIÓN ORAL | ||
| 650 | _aLENGUAJE | ||
| 650 | _aTIPOS DE LENGUAJE | ||
| 650 |
_aCORRESPONDENCIA COMERCIAL _92794 |
||
| 650 |
_aCARTAS COMERCIALES _917316 |
||
| 650 |
_aCORRESPONDENCIA SOCIAL _929083 |
||
| 650 |
_aCOMUNICACIONES INTERNAS _929084 |
||
| 650 | _aMEMORANDOS | ||
| 650 |
_aCONVOCATORIAS _92571 |
||
| 650 |
_aACTAS _91539 |
||
| 650 | _aINFORMES | ||
| 942 | _cBK | ||
| 999 |
_c11031 _d11031 |
||